000 00388nam a2200145 i 4500
001 bg
100 1 _aKRUSZEWSKI, Z.
245 0 _aWybrane zagadnienia z teorii ruchu oraz budowy pojazdów rolniczych /
_cZ. Kruszewski, G. Michalak.
260 _aWarszawa,
_c1989.
700 1 _aMICHALAK, G.
040 _cBPK
041 _apol
942 _cKS
008 s pl f |000 0 pol
999 _c4077
_d4077
856 _uhttp://koha.tu.koszalin.pl/cgi-bin/koha/opac-detail.pl?biblionumber=4077
_yKatalog online BPK